<?xml version="1.0" encoding="UTF-8"?>
<record
    xmlns:xsi="http://www.w3.org/2001/XMLSchema-instance"
    xsi:schemaLocation="http://www.loc.gov/MARC21/slim http://www.loc.gov/standards/marcxml/schema/MARC21slim.xsd"
    xmlns="http://www.loc.gov/MARC21/slim">

  <leader>00494nam a2200169   4500</leader>
  <controlfield tag="005">20260422162918.0</controlfield>
  <controlfield tag="008">260422b        |||||||| |||| 00| 0 eng d</controlfield>
  <datafield tag="020" ind1=" " ind2=" ">
    <subfield code="a">9780387964997</subfield>
  </datafield>
  <datafield tag="040" ind1=" " ind2=" ">
    <subfield code="c">SDCL</subfield>
  </datafield>
  <datafield tag="041" ind1=" " ind2=" ">
    <subfield code="2">eng</subfield>
    <subfield code="a">eng</subfield>
  </datafield>
  <datafield tag="084" ind1=" " ind2=" ">
    <subfield code="a">B43 M8.4</subfield>
  </datafield>
  <datafield tag="100" ind1=" " ind2=" ">
    <subfield code="a">Zeidler, Eberhard</subfield>
    <subfield code="9">1235421</subfield>
  </datafield>
  <datafield tag="245" ind1=" " ind2=" ">
    <subfield code="a">Nonlinear Functional Analysis and its Applications: IV : </subfield>
    <subfield code="b">Applications to Mathematical Physics</subfield>
  </datafield>
  <datafield tag="260" ind1=" " ind2=" ">
    <subfield code="a">Verlag :</subfield>
    <subfield code="b">Springer,</subfield>
    <subfield code="c">1988.</subfield>
  </datafield>
  <datafield tag="300" ind1=" " ind2=" ">
    <subfield code="a">xxiii, 993p.</subfield>
  </datafield>
  <datafield tag="942" ind1=" " ind2=" ">
    <subfield code="2">CC</subfield>
    <subfield code="c">TEXL</subfield>
  </datafield>
  <datafield tag="999" ind1=" " ind2=" ">
    <subfield code="c">1848398</subfield>
    <subfield code="d">1848398</subfield>
  </datafield>
  <datafield tag="952" ind1=" " ind2=" ">
    <subfield code="0">0</subfield>
    <subfield code="1">0</subfield>
    <subfield code="2">CC</subfield>
    <subfield code="4">0</subfield>
    <subfield code="6">B_43_000000000000000_M8_4</subfield>
    <subfield code="7">0</subfield>
    <subfield code="9">1781962</subfield>
    <subfield code="a">SDCL</subfield>
    <subfield code="b">SDCL</subfield>
    <subfield code="d">2026-04-22</subfield>
    <subfield code="e">Gift</subfield>
    <subfield code="i">Gift</subfield>
    <subfield code="l">1</subfield>
    <subfield code="o">B43 M8.4</subfield>
    <subfield code="p">SC1439932</subfield>
    <subfield code="q">2026-05-08</subfield>
    <subfield code="r">2026-04-24 15:12:22</subfield>
    <subfield code="s">2026-04-24</subfield>
    <subfield code="w">2026-04-22</subfield>
    <subfield code="y">TEXL</subfield>
  </datafield>
</record>
